<?xml version="1.0" encoding="UTF-8"?>
<collection xmlns="http://www.loc.gov/MARC21/slim">
 <record>
  <leader>00587pamaa2200169   4500</leader>
  <controlfield tag="001">0000014761</controlfield>
  <controlfield tag="005">20100426090000.0</controlfield>
  <datafield tag="020" ind1="0" ind2="0">
   <subfield code="a">0335156371 </subfield>
  </datafield>
  <datafield tag="082" ind1=" " ind2=" ">
   <subfield code="a">305.562 DAV</subfield>
  </datafield>
  <datafield tag="090" ind1="0" ind2="0">
   <subfield code="a">HD8400.M32 </subfield>
   <subfield code="b">DAV 1992</subfield>
  </datafield>
  <datafield tag="100" ind1="1" ind2="0">
   <subfield code="a">Davies </subfield>
  </datafield>
  <datafield tag="245" ind1="1" ind2="0">
   <subfield code="a">Leisure, gender and poverty : </subfield>
   <subfield code="b">working-class culture in Salford and Manchester, 1900-1939  </subfield>
   <subfield code="c">Andrew Davies.</subfield>
  </datafield>
  <datafield tag="260" ind1="0" ind2="0">
   <subfield code="a">Buckingham: </subfield>
   <subfield code="b">Open University, </subfield>
   <subfield code="c">1992.</subfield>
  </datafield>
  <datafield tag="300" ind1=" " ind2=" ">
   <subfield code="a">xiii, 210p.: </subfield>
   <subfield code="b">23cm.</subfield>
  </datafield>
  <datafield tag="440" ind1="0" ind2="0">
   <subfield code="a">Themes in the twentieth century</subfield>
  </datafield>
  <datafield tag="650" ind1="0" ind2="0">
   <subfield code="a">Working class -- </subfield>
   <subfield code="x">History -- </subfield>
   <subfield code="x">20th century </subfield>
  </datafield>
  <datafield tag="650" ind1="0" ind2="0">
   <subfield code="a">Popular culture -- </subfield>
   <subfield code="x">History -- </subfield>
   <subfield code="x">20th century </subfield>
  </datafield>
 </record>
</collection>
